000 00833nam0a2200289 4500
001 RU\NLR\BIBL_A\012341406
005 20250624020542.0
035 _a(NLR Aleph) 012341406
090 _a13301182
_c13301182
100 _a20200922d1935 |||y0rusy50 ca
101 0 _akur
102 _aRU
105 _ayy yz 000 y
181 0 _ai
_baxxe
182 0 _an
200 1 _aӚfrandьna sьsja
_gnьvisarқare kyrmanҁa ṣewri
203 _aТекст
_bвизуальный
_cнепосредственный
210 _aRewan
_bNeṣra Mykymeto -Seksijakьtebe kyrmanҫa
_d1935
215 _a59,[2] с.
_d17
541 1 _aТретья книга
700 1 _aМкртчян
_bА.
701 0 _aH.Mkrtcyan
852 _aNLR
_bОНЛ
_jКурд./2-22
852 _aNLR
_bОНЛ
_jRehl//2-22a
942 _cBOOK
980 _aNB